Neurociencia y deteccin̤ de la verdad y del engaǫ en el proceso penal

Detalles Bibliográficos
Autor principal: Villamarn̕ Lp̤ez, Mara̕ Luisa
Formato: eBook
Lenguaje:español
Publicado: Madrid: Marcial Pons, 2014
Materias:
Acceso en línea:Acceso restringido

MARC

LEADER 00000nam a22000007a 4500
005 20180720003012.0
007 cr|||| ||||
008 180720s2014 es |||||s|||| 00||0 spa d
020 |a 978-84-91234-03-6 
035 |a 21749 
040 |a vLex 
090 |c 8064  |d 8064 
100 1 |a Villamarn̕ Lp̤ez, Mara̕ Luisa 
245 1 0 |a Neurociencia y deteccin̤ de la verdad y del engaǫ en el proceso penal  |h [Recurso electrn̤ico] /  |c Mara̕ Luisa Villamarn̕ Lp̤ez 
256 |a Servicio en ln̕ea 
260 |a Madrid:  |b Marcial Pons,  |c 2014 
300 |a 1 recurso electrn̤ico 
500 |a La deteccin̤ del engaǫ con cierta fiabilidad es histr̤icamente uno de los retos ms̀ importantes del proceso penal en su tarea de bs︢queda de la verdad. Desde antiguo se han empleado mťodos pseudocientf̕icos o cientf̕icos, generalmente con poco x̌ito y con escass̕ima fiabilidad. En los l︢timos aǫs los avances realizados en los estudios sobre el funcionamiento del cerebro, sobre todo gracias al empleo del electroencefalograma y del escǹer cerebral, se intentan aplicar a la tarea de detectar la mentira (fMRI) o de buscar en el cerebro la presencia de informaciones relevantes para la causa criminal (P300). Y, de hecho, pese a que en Espaą no han sido hasta ahora objeto de estudio –aunque s ̕se han autorizado en el l︢timo aǫ de forma aislada en dos causas judiciales–, en muchos pas̕es existe un serio debate abierto, tanto en el campo acadm̌ico como forense, sobre la oportunidad de emplear estas herramientas en el proceso penal y, de hecho, ya se han usado en ocasiones en la prc̀tica judicial. Esta obra pretende ilustrar sobre el funcionamiento y el estado de desarrollo cientf̕ico de estas tčnicas, para poder evaluar si cumplen las exigencias necesarias, desde el punto de vista cientf̕ico y jurd̕ico, como para poder incorporarlas al proceso penal y, en particular, al ordenamiento jurd̕ico espaǫl. 
506 1 |a Disponible solo en los productos indicados  |d vLex Global  |d vLex Global (Academic Edition, excluding Law Schools)  |d vLex Global (U.S. Academic Edition, Law Schools)  |d vLex Global (U.S. Academic Edition, excluding Law Schools)  |d vLex Global (Academic Edition, Law Schools) 
650 0 4 |a Derecho Penal  |z Espaą 
650 0 4 |a Derecho Procesal  |z Espaą 
650 0 4 |a Procedimiento Penal  |z Espaą 
740 0 |a vLex Libros (Servicio en ln̕ea) 
856 4 0 |u http://vlex.com/source/neurociencia-y-deteccion-de-la-verdad-y-del-enga-o-en-el-proceso-penal-21749  |z Acceso restringido 
942 |c BOOK 
999 0 |a Criminal Law 
999 0 |a Procedural Law 
999 0 |a Criminal Procedure